000 00970cam a2200313 a 4500
001 12378375
003 OSt
005 20180116192418.0
008 000927s2000 pk a 001 0 eng
010 _a 00312450
020 _a9690014277
020 _a9789690014276
025 _aP-E-00312450; 12
035 _a(DLC) 00312450
040 _aDLC
_cDLC
_dDLC
042 _alcode
050 0 0 _aNA380
_b.J325 2000
082 0 0 _a720.917671
_221
100 1 _aJairazbhoy, R. A.
_q(Rafique Ali),
_d1925-
_96992
245 1 0 _aIslamic architecture /
_cR.A. Jairazbhoy.
260 _aLahore :
_bFerozsons,
_c2000.
300 _a130 p. :
_bcol. ill. ;
_c31 cm.
504 _aIncludes bibliographical references (p. 117-126) and index.
650 0 _aIslamic architecture.
_96993
906 _a7
_bcbc
_corigode
_d3
_encip
_f20
_gy-gencatlg
942 _2ddc
_cBK
999 _c353805
_d353805